| 000 | 01034nam a22002417a 4500 | ||
|---|---|---|---|
| 999 |
_c8423 _d8423 |
||
| 003 | CO-NeUS | ||
| 005 | 20201005123311.0 | ||
| 008 | 140202b ck ||||| |||| 00| 0 spa d | ||
| 020 | _a9583319317 | ||
| 040 |
_cCO-NeUS _aCO-NeUS _bspa _erda |
||
| 100 | 1 |
_aOrtiz Charry, Gonzalo _971639 |
|
| 245 | 1 | 0 |
_aPeriodismo y ciudadanía / _cGonzalo Ortiz Charry ... y otros ; Presentación Frank Priess |
| 264 |
_aSantafé de Bogotá : _bFundación Konrad / _cCedal, 2000 |
||
| 300 | _a114 página. ; 23 cm. | ||
| 505 | 0 | 0 | _aSociedad civil desde la ciencia política / Gonzalo Ortiz Charry -- Hacia una concepción del periodismo cívico participativo / Gladys Daza Hernández -- Periodismo cívico y academia / Rodolfo Prada Penagos -- Dimensión ética del periodismo en la cultura urbana / Juan José García Posada -- |
| 082 | 0 | 4 |
_a070.4 / _bO77p |
| 650 | 1 | 4 |
_aPeriodismo _xaspectos politicos _9127236 |
| 650 | 1 | 4 |
_aPeriodismo civico _9127240 |
| 650 | 1 | 4 |
_aPolitica y medios de comunicacion _9128096 |
| 650 | 1 | 4 |
_aInformacion publica _9113352 |
| 942 |
_2ddc _cCG _h070.4 / _mO77p |
||